000 00580nam a22001697a 4500
005 20090806145243.0
008 090806t xxu||||| |||| 00| 0 eng d
080 _a89H-4.09
_bUSH
100 _aUsha, A.B.
_91922
245 _aMahadevi ki Gadya Rachanayam ek alochanatmak adhyayan
300 _a218p.
653 _aGuide : Eswari M
942 _cTH
260 _aKochi
_bDept.of Hindi - CUSAT
_c1995
_91923
500 _aThesis (Ph.D),CUSAT,1995 Guide : Eswari M
952 _w2009-08-06
_pG0005622
_r2009-08-06
_40
_00
_bUL
_10
_o89H-4.09 USH
_d2009-08-06
_70
_2udc
_yTH
_aUL
999 _c2321
_d2321